000 00306nam a2200133Ia 4500
005 20260328104251.0
008 260328s9999||||xx |||||||||||||| ||und||
100 _aCharta
245 0 _aShirin Neshat :
_b 2002-2005 /
_cCharta
260 _bCharta
300 _a87 p.
650 _aFOTOGRAFÍA
942 _cBK
999 _c10241
_d10241